Hành trình Festival Huế (2000-2016) và giải pháp phát triển /
Guardat en:
| Autor principal: | |
|---|---|
| Format: | Article |
| Idioma: | Vietnamese |
| Matèries: | |
| Etiquetes: |
Afegir etiqueta
Sense etiquetes, Sigues el primer a etiquetar aquest registre!
|
| Thư viện lưu trữ: | Thư viện Trường Đại học Đà Lạt |
|---|
| LEADER | 00789nam a2200277 4500 | ||
|---|---|---|---|
| 001 | DLU180187465 | ||
| 005 | ##20181001 | ||
| 040 | # | # | |a DLU |b vie |
| 041 | # | # | |a vie |
| 044 | # | # | |a vn |
| 100 | # | # | |a Đỗ Bang. |
| 245 | # | # | |a Hành trình Festival Huế (2000-2016) và giải pháp phát triển / |c Đỗ Bang. |
| 653 | # | # | |a Festival Huế |
| 653 | # | # | |a Giải pháp |
| 653 | # | # | |a Giai đoạn 2000-2016 |
| 653 | # | # | |a Lễ hội truyền thống |
| 773 | # | # | |t Huế xưa |g Số 138, 2016, tr. 53-61 |
| 920 | # | # | |a Phòng Tạp chí -- Trung tâm Thông tin - Thư viện Trường Đại học Đà Lạt |
| 994 | # | # | |a DLU |
| 900 | # | # | |a True |
| 911 | # | # | |a Nguyễn Thị Thu Phương |
| 925 | # | # | |a G |
| 926 | # | # | |a A |
| 927 | # | # | |a BB |
| 980 | # | # | |a Thư viện Trường Đại học Đà Lạt |